00718naa a2200169 i 45000010005000000030009000050050017000140080039000310400026000701000154000962450067002506500016003177000126003337730061004599420013005209990015005338821KOSZ 00520180307133025.0140915s2007 pl n f |000 0pol cKOSZ 005dKOSZ 005/EG1 aPIEPIÓRKA-STEPUK, Joanna.d2011 - .bPolitechnika Koszalińska - Wydział Mechaniczny,cKatedra Procesów i Urządzeń Przemysłu Spożywczego10aCzyszczą i pachną /cJoanna Piepiórka, Ewa Czerwińska. 0aSystem CIP.1 aCZERWIŃSKA, Ewa.bPolitechnika Koszalińska - Wydział Mechaniczny,cKatedra Biologicznych Podstaw Rolnictwad2000 - .0 iW :tHigiena and Pest Control. -g2007, 4(07)x1733-1234 cART2UKD c8821d8821